Normal view
MARC view
- Bilal Tanweer
Entry Personal Name
001 - CONTROL NUMBER
- control field: 9831
003 - CONTROL NUMBER IDENTIFIER
- control field: NUST
005 - DATE AND TIME OF LATEST TRANSACTION
- control field: 20180124162009.0
008 - FIXED-LENGTH DATA ELEMENTS
- fixed length control field: 180124|| aca||aabn | a|a d
040 ## - CATALOGING SOURCE
- Original cataloging agency: NUST
- Transcribing agency: NUST
100 ## - HEADING--PERSONAL NAME
- Personal name: Bilal Tanweer
670 ## - SOURCE DATA FOUND
- Source citation: Work cat.: (NUST)324863: Bilal Tanweer, The scatter here is too great, 2013
